[Event "Mumbai Mayors Cup 1st"]
[Site "Mumbai"]
[Date "2008.05.19"]
[Round "11"]
[White "Shashikant, Kutwal"]
[Black "Kranthi, Kumar B"]
[Result "1-0"]
[WhiteElo "2356"]
[BlackElo "2101"]
[PlyCount "59"]
[EventDate "2008.05.11"]
[EventType "swiss"]
[EventRounds "11"]
[EventCountry "IND"]
[SourceTitle "CBM 124 Extra"]
[Source "ChessBase"]
[SourceDate "2008.07.03"]
[SourceVersion "1"]
[SourceVersionDate "2008.07.03"]
[SourceQuality "1"]

1. e4 c5 2. Nf3 d6 3. d4 cxd4 4. Nxd4 Nf6 5. Nc3 a6 6. Be3 e5 7. Nf3 h6 8. Bc4 Be6 9. Bb3 Nbd7 10. 0-0 Be7 11. Nh4 Bxb3 12. axb3 g6 13. h3 Nc5 14. Nf3 Ncd7 15. Qd2 g5 16. Nh2 Rc8 17. Rfd1 Qc7 18. Nf1 Nh5 19. Nd5 Qd8 20. c3 Bf8 21. f3 Rg8 22. Bf2 Nf4 23. Ng3 Nxd5 24. Qxd5 Rc6 25. Nf5 Nf6 26. Qd3 h5 27. b4 Be7 28. b5 axb5 29. Ra7 Ra6 30. Rxb7 1-0

[Event "Mumbai Mayors Cup 1st"]
[Site "Mumbai"]
[Date "2008.05.15"]
[Round "7"]
[White "Kranthi, Kumar B"]
[Black "Gokhale, Chandrashekhar"]
[Result "0-1"]
[WhiteElo "2101"]
[BlackElo "2321"]
[PlyCount "102"]
[EventDate "2008.05.11"]
[EventType "swiss"]
[EventRounds "11"]
[EventCountry "IND"]
[SourceTitle "CBM 124 Extra"]
[Source "ChessBase"]
[SourceDate "2008.07.03"]
[SourceVersion "1"]
[SourceVersionDate "2008.07.03"]
[SourceQuality "1"]

1. d4 Nf6 2. Nf3 e6 3. c4 Bb4+ 4. Bd2 Qe7 5. a3 Bxd2+ 6. Nbxd2 d6 7. e3 e5 8. d5 0-0 9. e4 Nbd7 10. b4 a5 11. Bd3 Nh5 12. g3 f5 13. exf5 e4 14. Nxe4 Nhf6 15. Nfd2 Ne5 16. Nxf6+ Qxf6 17. Bc2 axb4 18. a4 b3 19. Be4 Bxf5 20. Bxf5 Qxf5 21. 0-0 Qd3 22. f4 Nxc4 23. Nxb3 Qe3+ 24. Kh1 Rfe8 25. Qf3 Qxf3+ 26. Rxf3 Ne3 27. Nd4 Nxd5 28. f5 Re4 29. Rd3 Nb4 30. Rd2 Rxd4 31. Rxd4 Nc2 32. Rad1 Nxd4 33. Rxd4 Ra5 34. g4 Kf7 35. Kg2 Kf6 36. Kf3 g6 37. fxg6 hxg6 38. h4 b5 39. g5+ Ke6 40. axb5 Rxb5 41. Kg4 c5 42. Rd1 Rb4+ 43. Kg3 Re4 44. Rf1 Kd5 45. Rd1+ Ke5 46. Rf1 c4 47. Rc1 d5 48. Ra1 c3 49. Ra8 c2 50. Rc8 Rc4 51. Re8+ Kd4 0-1